Studies in Constitutional Law / (Record no. 75962)
[ view plain ]
| 000 -LEADER | |
|---|---|
| fixed length control field | 00991nam a22003257i 4500 |
| 003 - CONTROL NUMBER IDENTIFIER | |
| control field | EG-GICUC |
| 005 - DATE AND TIME OF LATEST TRANSACTION | |
| control field | 20260506093116.0 |
| 008 - FIXED-LENGTH DATA ELEMENTS--GENERAL INFORMATION | |
| fixed length control field | 260506s1891 enk||||fr|||| 000 0 eng d |
| 040 ## - CATALOGING SOURCE | |
| Original cataloging agency | EG-GiCUC |
| Transcribing agency | EG-GiCUC |
| Modifying agency | EG-GiCUC |
| Description conventions | Rda |
| Language of cataloging | eng |
| 041 ## - LANGUAGE CODE | |
| Language code of text/sound track or separate title | eng |
| 082 04 - DEWEY DECIMAL CLASSIFICATION NUMBER | |
| Edition number | 21 |
| Classification number | 345.141 |
| Item number | BO . S |
| 092 04 - LOCALLY ASSIGNED DEWEY CALL NUMBER (OCLC) | |
| Edition number | 21 |
| 099 ## - LOCAL FREE-TEXT CALL NUMBER (OCLC) | |
| Classification number | Law1 07 345.141 BO . S 1891 |
| 100 1# - MAIN ENTRY--PERSONAL NAME | |
| Personal name | Boutmy,Émile |
| Relator term | Author. |
| 245 03 - TITLE STATEMENT | |
| Title | Studies in Constitutional Law / |
| Statement of responsibility, etc. | Émile Boutmy. |
| 264 ## - PRODUCTION, PUBLICATION, DISTRIBUTION, MANUFACTURE, AND COPYRIGHT NOTICE | |
| Place of production, publication, distribution, manufacture | London: |
| Name of producer, publisher, distributor, manufacturer | Macmillan and Co, |
| Date of production, publication, distribution, manufacture, or copyright notice | 1891. |
| 300 ## - PHYSICAL DESCRIPTION | |
| Extent | page ; 175 |
| Dimensions | 24 cm. |
| 336 ## - CONTENT TYPE | |
| Source | rda contenu |
| Content type term | texte |
| 337 ## - MEDIA TYPE | |
| Source | rda medias |
| Media type term | Ordinateur |
| 338 ## - CARRIER TYPE | |
| Source | transporteur rda |
| Carrier type term | Ressource en ligne |
| 546 ## - LANGUAGE NOTE | |
| Language note | Text in English |
| 650 1# - SUBJECT ADDED ENTRY--TOPICAL TERM | |
| Source of heading or term | Administrative law |
| 650 1# - SUBJECT ADDED ENTRY--TOPICAL TERM | |
| Source of heading or term | Constitutional Law |
| 651 1# - SUBJECT ADDED ENTRY--GEOGRAPHIC NAME | |
| Source of heading or term | qrmak |
| 700 1# - ADDED ENTRY--PERSONAL NAME | |
| Personal name | Dicey,E. M. |
| Relator term | Annotator. |
| 700 1# - ADDED ENTRY--PERSONAL NAME | |
| Personal name | Dicey,A. V. |
| Relator term | Co-directeur de thèse |
| 856 40 - ELECTRONIC LOCATION AND ACCESS | |
| Uniform Resource Identifier | <a href="https://fll.law.cu.edu.eg/fulltext/bks/B07-05610.pdf">https://fll.law.cu.edu.eg/fulltext/bks/B07-05610.pdf</a> |
| 905 ## - Cataloger and Reviser Names | |
| Cataloger Name: | Esraa Hossam |
| 942 ## - ADDED ENTRY ELEMENTS (KOHA) | |
| Source of classification or shelving scheme | Dewey Decimal Classification |
| Koha item type | Books |
| Edition | 21 |
| Suppress in OPAC | No |
| Withdrawn status | Lost status | Source of classification or shelving scheme | Damaged status | Not for loan | Collection | Home library | Current library | Date acquired | Total checkouts | Full call number | Barcode | Date last seen | Copy number | Price effective from | Koha item type |
|---|---|---|---|---|---|---|---|---|---|---|---|---|---|---|---|
| Dewey Decimal Classification | Not for loan | القانون الإداري | جــــامعة القــاهرة | مكتبة كلية الحقوق - المبنى الرئيسي | 06.05.2026 | Law1 07 345.141 BO . S 1891 0705610 C1 | B07-05610 | 06.05.2026 | 1 | 06.05.2026 | Books |